000 00224 a2200097 4500
001 22845
100 _aDaley, J L
245 _aPrinciples of Electronic & Electronic Systems
260 _a
_bU S N I
_c
090 _c15454
_d15454
942 _aNUST-CAE
_cM
_c6063
999 _c257918
_d257918